[Event "Challenge"]
[Site "http://www.queenalice.com/game.php?id=1638876"]
[Date "2021.1.5"]
[Round "-"]
[White "Belle1996"]
[Black "A1XYZ11"]
[Result "0-1"]
[WhiteElo "990"]
[BlackElo "2539"]

1. e4 e5 2. Nf3 Nf6 3. Nc3 Nc6 4. d3 Bb4 5. Bd2 d6 6. Be2 a6 7. O-O h6 8. h3 O-O
9. Nh4 Bxc3 10. Bxc3 Nxe4 11. dxe4 Qxh4 12. Qd3 Nd8 13. a3 Ne6 14. Bg4 Nc5 15.
Bf5 Nxd3 16. cxd3 Bxf5 17. Bd2 Be6 18. Rfe1 f5 19. exf5 Bxf5 20. Bc3 Bxh3 21.
gxh3 Qxf2+ 22. Kh1 Rf3 23. Re4 Rxh3# 0-1

[Event "Challenge"]
[Site "http://www.queenalice.com/game.php?id=1638877"]
[Date "2021.1.5"]
[Round "-"]
[White "A1XYZ11"]
[Black "Belle1996"]
[Result "1-0"]
[WhiteElo "2540"]
[BlackElo "988"]

1. e4 e5 2. Nf3 Nf6 3. Nxe5 Bd6 4. Nc4 O-O 5. Nxd6 cxd6 6. Nc3 d5 7. exd5 d6 8.
Be2 Nxd5 9. Nxd5 Nc6 10. c3 Be6 11. Nf4 Qf6 12. d4 h6 13. d5 Ne5 14. dxe6 fxe6
15. Qxd6 Rf7 16. Be3 Nc6 17. Qxe6 Qxe6 18. Nxe6 a6 19. O-O-O Rf6 20. Nc5 Rg6 21.
Bf3 Ne5 22. Be4 a5 23. Rd5 Ng4 24. Bxg6 Rf8 25. Rhd1 b6 26. Ne6 Nxe3 27. Rd8
Nxg2 28. Rxf8# 1-0

[Event "Challenge"]
[Site "http://www.queenalice.com/game.php?id=1642800"]
[Date "2021.2.6"]
[Round "-"]
[White "Belle1996"]
[Black "A1XYZ11"]
[Result "0-1"]
[WhiteElo "976"]
[BlackElo "2542"]

1. e4 c5 2. Nc3 Nc6 3. d3 e6 4. Nf3 d5 5. Be2 d4 6. Na4 b5 7. O-O bxa4 8. Bf4
Nge7 9. Be5 Ng6 10. Bg3 Be7 11. h3 Bd6 12. Bxd6 Qxd6 13. a3 e5 14. Ng5 Nf4 15.
Rb1 Qg6 16. h4 h6 17. c3 hxg5 18. Qd2 Rxh4 19. g3 Rh7 20. Bf3 Qh6 21. gxf4 Qh2#
0-1

[Event "Challenge"]
[Site "http://www.queenalice.com/game.php?id=1642801"]
[Date "2021.2.6"]
[Round "-"]
[White "A1XYZ11"]
[Black "Belle1996"]
[Result "1-0"]
[WhiteElo "2541"]
[BlackElo "978"]

1. e4 e5 2. Nf3 Nf6 3. Nxe5 Be7 4. Nc3 O-O 5. d4 d6 6. Nf3 Nc6 7. Be2 Be6 8. d5
Bg4 9. dxc6 bxc6 10. Nd4 d5 11. Bxg4 dxe4 12. Nxc6 Rc8 13. Nxd8 Rcxd8 14. Qe2
Bc5 15. Bf5 h6 16. Nxe4 Rd5 17. Nxf6+ gxf6 18. Qg4+ Kh8 19. Bxh6 Re8+ 20. Kf1
Rd2 21. Qg7# 1-0

[Event "Challenge"]
[Site "http://www.queenalice.com/game.php?id=1645436"]
[Date "2021.3.2"]
[Round "-"]
[White "Belle1996"]
[Black "A1XYZ11"]
[Result "0-1"]
[WhiteElo "984"]
[BlackElo "2544"]

1. e4 c5 2. Nc3 Nc6 3. d3 e6 4. Nf3 d5 5. Be2 d4 6. O-O dxc3 7. bxc3 Nf6 8. Bf4
Bd6 9. Bxd6 Qxd6 10. d4 Nxe4 11. Bd3 Nxc3 12. Qd2 cxd4 13. Rac1 f6 14. h3 e5 15.
Be4 Nxe4 16. Qd3 Nc3 17. Nh4 O-O 18. Nf5 Bxf5 19. Qc4+ Be6 20. Qxe6+ Qxe6 21. a3
Ne2+ 22. Kh1 Nxc1 23. Rxc1 Qa2 24. c4 dxc3 25. f3 Qd2 26. Rf1 c2 27. f4 c1=Q 28.
Kg1 Qxf4 29. g3 Qxg3+ 30. Kh1 Qxf1# 0-1

[Event "Challenge"]
[Site "http://www.queenalice.com/game.php?id=1645437"]
[Date "2021.3.2"]
[Round "-"]
[White "A1XYZ11"]
[Black "Belle1996"]
[Result "1-0"]
[WhiteElo "2543"]
[BlackElo "986"]

1. e4 e5 2. Nf3 Nf6 3. Nxe5 Nxe4 4. Qe2 Nf6 5. Nc6+ Be7 6. Nxd8 Kxd8 7. d4 d5 8.
h3 Nc6 9. Be3 Bf5 10. g4 Be4 11. f3 Bg6 12. Nc3 Bb4 13. O-O-O a6 14. g5 Nh5 15.
Nxd5 Kd7 16. f4 Rae8 17. Qg4+ Kd8 18. f5 h6 19. fxg6 hxg5 20. Bxg5+ Ne7 21. gxf7
Ref8 22. h4 g6 23. Bh3 Rxf7 24. Qc8# 1-0

[Event "Challenge"]
[Site "http://www.queenalice.com/game.php?id=1648378"]
[Date "2021.4.1"]
[Round "-"]
[White "Belle1996"]
[Black "A1XYZ11"]
[Result "0-1"]
[WhiteElo "980"]
[BlackElo "2546"]

1. e4 c5 2. Nc3 d6 3. d3 Nc6 4. Nf3 g6 5. Bf4 Bg7 6. d4 cxd4 7. Nxd4 Bxd4 8. Bc4
Nf6 9. O-O O-O 10. Bh6 Re8 11. Bxf7+ Kxf7 12. Nb5 Be5 13. Qd3 Be6 14. Rab1 Ng4
15. h3 Nxh6 16. a4 Qa5 17. Qd5 Bxd5 18. exd5 Nb4 19. c3 Nxd5 20. c4 Nf4 21. Rbd1
a6 22. Rc1 Ne2+ 23. Kh1 Nxc1 24. Rxc1 axb5 25. f3 Qxa4 26. c5 Qa1 27. Rxa1 Rxa1#
0-1

[Event "Challenge"]
[Site "http://www.queenalice.com/game.php?id=1648379"]
[Date "2021.4.1"]
[Round "-"]
[White "A1XYZ11"]
[Black "Belle1996"]
[Result "1-0"]
[WhiteElo "2545"]
[BlackElo "982"]

1. e4 e5 2. Nf3 Nc6 3. Bb5 d6 4. c3 Nf6 5. d4 Bg4 6. O-O Be7 7. dxe5 dxe5 8.
Bxc6+ bxc6 9. Qxd8+ Rxd8 10. Nxe5 Nxe4 11. Nxg4 O-O 12. Ne5 Bd6 13. Nxc6 Ra8 14.
Nd2 Rab8 15. Nxe4 Be5 16. Nxe5 Rfe8 17. Nd7 Red8 18. Nxb8 Rxb8 19. Rd1 Re8 20.
Bf4 Rxe4 21. Rd8+ Re8 22. Rxe8# 1-0

[Event "Challenge"]
[Site "http://www.queenalice.com/game.php?id=1757897"]
[Date "2021.4.28"]
[Round "-"]
[White "Belle1996"]
[Black "A1XYZ11"]
[Result "0-1"]
[WhiteElo "970"]
[BlackElo "2547"]

1. e4 c5 2. Nc3 d6 3. d3 Nc6 4. Be3 Nf6 5. Nf3 e5 6. Be2 Be7 7. O-O O-O 8. Ng5
h6 9. Nf3 Be6 10. a4 d5 11. exd5 Nxd5 12. d4 cxd4 13. Bc4 Nxe3 14. fxe3 Bxc4 15.
Ne4 Bxf1 16. Kxf1 f5 17. exd4 fxe4 18. Qe2 Qxd4 19. h3 Bc5 20. Qd3 Qf2# 0-1

[Event "Challenge"]
[Site "http://www.queenalice.com/game.php?id=1757898"]
[Date "2021.4.28"]
[Round "-"]
[White "A1XYZ11"]
[Black "Belle1996"]
[Result "1-0"]
[WhiteElo "2548"]
[BlackElo "966"]

1. e4 e5 2. Nf3 Nf6 3. Nxe5 d6 4. Nf3 Be7 5. Nc3 O-O 6. d4 Bg4 7. h3 Be6 8. Bd3
Nc6 9. d5 Ne5 10. dxe6 c6 11. Nxe5 dxe5 12. exf7+ Rxf7 13. Bc4 Qxd1+ 14. Kxd1
Rd8+ 15. Ke2 Bb4 16. f3 h6 17. Be3 Rf8 18. Bxa7 Ra8 19. Be3 Nd7 20. Nd1 Nf6 21.
Nf2 Rd8 22. Rad1 Nd7 23. Rd3 Nf6 24. Rxd8+ Kh7 25. Bxf7 Bc5 26. Bxc5 b5 27. Rhd1
b4 28. Ng4 Nh5 29. Bxh5 b3 30. Nf6+ gxf6 31. R1d7# 1-0

[Event "Challenge"]
[Site "http://www.queenalice.com/game.php?id=1760959"]
[Date "2021.5.30"]
[Round "-"]
[White "Belle1996"]
[Black "A1XYZ11"]
[Result "0-1"]
[WhiteElo "954"]
[BlackElo "2550"]

1. e4 c5 2. d3 Nc6 3. Nf3 e6 4. Nc3 d5 5. exd5 exd5 6. Bf4 Nf6 7. Be2 d4 8. O-O
dxc3 9. bxc3 Bd6 10. c4 Bxf4 11. d4 cxd4 12. Rc1 Bxc1 13. Qxc1 O-O 14. c5 Qe7
15. Bc4 Qxc5 16. Bd3 Be6 17. Ng5 Bxa2 18. c3 dxc3 19. h3 Rae8 20. Qb2 cxb2 21.
Kh2 Qd6+ 22. Kg1 Qxd3 23. f3 Qe3+ 24. Kh2 Qxg5 25. Kg1 Re2 26. f4 Qxg2# 0-1

[Event "Challenge"]
[Site "http://www.queenalice.com/game.php?id=1760960"]
[Date "2021.5.30"]
[Round "-"]
[White "A1XYZ11"]
[Black "Belle1996"]
[Result "1-0"]
[WhiteElo "2549"]
[BlackElo "958"]

1. e4 e5 2. Nf3 Nf6 3. d4 Nc6 4. d5 Nb4 5. a3 d6 6. axb4 Bg4 7. h3 Nh5 8. hxg4
Nf4 9. Bxf4 exf4 10. Bb5+ Ke7 11. e5 dxe5 12. Qe2 Qxd5 13. Nc3 g6 14. Nxd5+ Kd8
15. Qxe5 Bxb4+ 16. c3 a6 17. Qxc7# 1-0

[Event "Challenge"]
[Site "http://www.queenalice.com/game.php?id=1763004"]
[Date "2021.6.25"]
[Round "-"]
[White "Belle1996"]
[Black "A1XYZ11"]
[Result "0-1"]
[WhiteElo "945"]
[BlackElo "2551"]

1. e4 c5 2. Nf3 d6 3. d3 g6 4. Be2 Bg7 5. O-O e5 6. Nc3 Ne7 7. Bg5 Nbc6 8. d4
cxd4 9. Na4 f6 10. Bh4 g5 11. Bg3 h5 12. h3 g4 13. Nh4 f5 14. exf5 Nxf5 15. b3
Nxh4 16. Bxh4 Qxh4 17. Qd2 gxh3 18. g3 Qe4 19. Bxh5+ Rxh5 20. g4 Qg2# 0-1

[Event "Challenge"]
[Site "http://www.queenalice.com/game.php?id=1763005"]
[Date "2021.6.25"]
[Round "-"]
[White "A1XYZ11"]
[Black "Belle1996"]
[Result "1-0"]
[WhiteElo "2552"]
[BlackElo "943"]

1. e4 e5 2. Nf3 Nf6 3. d4 exd4 4. e5 Nd5 5. Qxd4 Be7 6. Qxd5 d6 7. exd6 cxd6 8.
Nc3 O-O 9. Be3 Nd7 10. O-O-O Nf6 11. Qb3 d5 12. Nxd5 Nxd5 13. Bc4 Nxe3 14. Bxf7+
Kh8 15. Rxd8 Rxd8 16. Qxe3 Bg4 17. Qxe7 Rdc8 18. Ne5 h6 19. Nxg4 h5 20. Qg5 hxg4
21. Qh5# 1-0

[Event "Challenge"]
[Site "http://www.queenalice.com/game.php?id=1764523"]
[Date "2021.7.16"]
[Round "-"]
[White "Belle1996"]
[Black "A1XYZ11"]
[Result "0-1"]
[WhiteElo "969"]
[BlackElo "2554"]

1. e4 c5 2. Nc3 d6 3. d3 g6 4. Nf3 Bg7 5. Be3 e5 6. g3 Nc6 7. Be2 Nge7 8. Ng5
O-O 9. O-O Nd4 10. f4 exf4 11. Bf3 fxe3 12. Re1 Nec6 13. Bg2 Qxg5 14. a3 e2 15.
Qd2 Qxd2 16. Reb1 Bh3 17. Bxh3 Nf3+ 18. Kg2 e1=Q+ 19. Kxf3 Ne5# 0-1

[Event "Challenge"]
[Site "http://www.queenalice.com/game.php?id=1764524"]
[Date "2021.7.16"]
[Round "-"]
[White "A1XYZ11"]
[Black "Belle1996"]
[Result "1-0"]
[WhiteElo "2553"]
[BlackElo "971"]

1. e4 e5 2. Nf3 Nf6 3. d4 d6 4. dxe5 Nxe4 5. Qd5 Be7 6. Qxe4 Nc6 7. exd6 cxd6 8.
Nc3 Bd7 9. Be3 O-O 10. O-O-O Bg4 11. Qxg4 a6 12. Bh6 Qb6 13. Qxg7# 1-0

[Event "Challenge"]
[Site "http://www.queenalice.com/game.php?id=1766146"]
[Date "2021.8.4"]
[Round "-"]
[White "Belle1996"]
[Black "A1XYZ11"]
[Result "0-1"]
[WhiteElo "986"]
[BlackElo "2555"]

1. e4 c5 2. Nc3 d6 3. d3 g6 4. Nf3 Bg7 5. Be2 Nc6 6. O-O e5 7. Ng5 h6 8. h3 hxg5
9. Bg4 f5 10. Be2 g4 11. Be3 Nd4 12. Nd5 Nxe2+ 13. Kh2 Nd4 14. c3 Nf3+ 15. gxf3
Qh4 16. c4 Qxh3+ 17. Kg1 Qh2# 0-1

[Event "Challenge"]
[Site "http://www.queenalice.com/game.php?id=1766147"]
[Date "2021.8.4"]
[Round "-"]
[White "A1XYZ11"]
[Black "Belle1996"]
[Result "1-0"]
[WhiteElo "2556"]
[BlackElo "982"]

1. e4 e5 2. Nf3 Nf6 3. d4 d6 4. dxe5 dxe5 5. Qxd8+ Kxd8 6. Nxe5 Nxe4 7. Nxf7+
Ke7 8. Nxh8 Bf5 9. Bd3 Nc6 10. g4 a6 11. gxf5 Rd8 12. Bxe4 Ne5 13. Bg5+ Kd6 14.
Bxd8 Nc4 15. Nd2 Nxd2 16. Kxd2 Kd7 17. Bg5 h6 18. Bf4 Bb4+ 19. c3 Bc5 20. Rhg1
h5 21. Rxg7+ Kc8 22. Rxc7+ Kb8 23. Rxb7+ Ka8 24. Rh7# 1-0

[Event "Challenge"]
[Site "http://www.queenalice.com/game.php?id=1768401"]
[Date "2021.8.31"]
[Round "-"]
[White "Belle1996"]
[Black "A1XYZ11"]
[Result "0-1"]
[WhiteElo "976"]
[BlackElo "2558"]

1. e4 c5 2. Nf3 d6 3. Bc4 Nf6 4. d3 e6 5. O-O Be7 6. Nc3 O-O 7. Bg5 h6 8. Bf4
Nc6 9. Qe2 a6 10. h3 b5 11. Bb3 Bb7 12. Rad1 Na5 13. Nh4 g5 14. Qf3 gxf4 15.
Qxf4 Kh7 16. Ne2 c4 17. dxc4 Nxe4 18. Ng3 Bg5 19. Nxe4 Bxf4 20. Rd3 Qxh4 21. c5
Bxe4 22. Rd4 Rg8 23. Rxd6 Qxh3 24. f3 Qxg2# 0-1

[Event "Challenge"]
[Site "http://www.queenalice.com/game.php?id=1768402"]
[Date "2021.8.31"]
[Round "-"]
[White "A1XYZ11"]
[Black "Belle1996"]
[Result "1-0"]
[WhiteElo "2557"]
[BlackElo "978"]

1. e4 e5 2. Nf3 Nf6 3. d4 d6 4. dxe5 Be7 5. exf6 Bxf6 6. c3 Nc6 7. Be3 O-O 8.
Nbd2 Ne5 9. Nxe5 dxe5 10. Bc4 Be6 11. Bxe6 h6 12. Bb3 Bh4 13. Nc4 Qf6 14. Qd7
Qg6 15. Nxe5 Qxe4 16. Bxf7+ Kh8 17. Ng6+ Kh7 18. Nxf8+ Rxf8 19. O-O Rd8 20. Qxc7
Rf8 21. Bc4 Qc2 22. Bd4 Qxb2 23. Qxg7# 1-0

[Event "Challenge"]
[Site "http://www.queenalice.com/game.php?id=1771133"]
[Date "2021.9.30"]
[Round "-"]
[White "Belle1996"]
[Black "A1XYZ11"]
[Result "0-1"]
[WhiteElo "1046"]
[BlackElo "2560"]

1. e4 c5 2. Nf3 d6 3. d3 Nc6 4. Be2 e5 5. O-O g6 6. Nc3 Nge7 7. Bg5 Bg7 8. h3
O-O 9. a3 Be6 10. d4 cxd4 11. Na4 a6 12. b3 b5 13. Nb2 f6 14. Bh4 d5 15. Nd3
dxe4 16. Nb4 Nxb4 17. Nxd4 exd4 18. axb4 g5 19. c3 gxh4 20. cxd4 f5 21. Qc2 Qxd4
22. Qc7 Ra7 23. Qf4 Ng6 24. Bh5 Nxf4 25. Bd1 Qxa1 26. Kh2 Rd8 27. Bh5 Qxf1 28.
g3 Qg2# 0-1

[Event "Challenge"]
[Site "http://www.queenalice.com/game.php?id=1771134"]
[Date "2021.9.30"]
[Round "-"]
[White "A1XYZ11"]
[Black "Belle1996"]
[Result "1-0"]
[WhiteElo "2559"]
[BlackElo "988"]

1. e4 e5 2. Nf3 Nf6 3. d4 d6 4. dxe5 dxe5 5. Qxd8+ Kxd8 6. Nxe5 Nxe4 7. Nxf7+
Ke7 8. Nxh8 g5 9. Nc3 Nxc3 10. Bxg5+ Ke8 11. bxc3 Bc5 12. O-O-O Nc6 13. Bc4 Bf5
14. Rhe1+ Ne7 15. Bf7+ Kf8 16. Bh6# 1-0

[Event "Challenge"]
[Site "http://www.queenalice.com/game.php?id=1773946"]
[Date "2021.11.3"]
[Round "-"]
[White "Belle1996"]
[Black "A1XYZ11"]
[Result "0-1"]
[WhiteElo "1040"]
[BlackElo "2555"]

1. e4 c5 2. Nc3 Nc6 3. d3 e6 4. Nf3 d5 5. exd5 exd5 6. Be2 d4 7. Ne4 Nf6 8. O-O
Nd5 9. b3 Be7 10. Bb2 f5 11. Qd2 fxe4 12. dxe4 Nf6 13. Bc4 Bg4 14. Ng5 Ne5 15.
Ne6 Nxc4 16. bxc4 Bxe6 17. Ba3 Bxc4 18. Rad1 Bxf1 19. Kxf1 Nxe4 20. Re1 Nxd2+
21. Kg1 Qa5 22. Bc1 Nf3+ 23. gxf3 Qxe1+ 24. Kg2 Bh4 25. Ba3 Qxf2+ 26. Kh1 Qf1#
0-1

[Event "Challenge"]
[Site "http://www.queenalice.com/game.php?id=1773947"]
[Date "2021.11.3"]
[Round "-"]
[White "A1XYZ11"]
[Black "Belle1996"]
[Result "1-0"]
[WhiteElo "2561"]
[BlackElo "1042"]

1. e4 e5 2. Nf3 Nf6 3. Nxe5 Nxe4 4. Qe2 Qe7 5. Qxe4 d6 6. d4 dxe5 7. dxe5 Nc6 8.
Nc3 Bd7 9. Nd5 Qc5 10. Nxc7+ Kd8 11. Nxa8 Be7 12. Be3 Be6 13. Bxc5 Bxc5 14. Bb5
Na5 15. b4 b6 16. bxa5 h6 17. Rd1+ Ke7 18. Qb7+ Kf8 19. Rd8# 1-0